000 00446nam a2200181Ia 4500
001 4991
005 20260306145835.0
008 260306t2001||||xx |||||||||||||| ||spa||
041 _aESP
082 _a332.4985
_bH59
100 _aHnyilicza, Esteban
_eAUT
245 0 _aDe la megainflación a la estabilidad monetaria
260 _c2001
300 _axxxv, 740 pƔginas :
_ccm.
650 _aGEN
654 _aCAN
942 _cLIB
_dJUS
_fJUS
_2ddc
_n
999 _c4991
_d4991